Medal of Honor Games - Statistics

General Stats
  • This quiz has been taken 36 times
  • The average score is 9 of 17
Answer Stats
Year Game Developer Platform % Correct
1999 Medal of Honor DreamWorks Interactive PlayStation
91%
2010 Medal of Honor Danger Close Games, DICE PlayStation 3 Windows, Xbox 360
91%
2007 Medal of Honor: Airborne EA Los Angeles PlayStation 3 Windows, Xbox 360
68%
2002 Medal of Honor: Allied Assault 2015, Inc. Windows OS X
68%
2004 Medal of Honor: Pacific Assault EA Los Angeles, TKO Software Windows
68%
2003 Medal of Honor: Rising Sun EA Los Angeles PlayStation 2 Xbox GameCube
68%
2002 Medal of Honor: Frontline EA Los Angeles PlayStation 2, PlayStation 3 Xbox GameCube
59%
2005 Medal of Honor: European Assault EA Los Angeles PlayStation 2 Xbox GameCube
55%
2012 Medal of Honor: Warfighter Danger Close Games PlayStation 3 Windows, Xbox 360
50%
2003 Medal of Honor: Allied Assault Breakthrough TKO Software Windows OS X
45%
2002 Medal of Honor: Allied Assault Spearhead EA Los Angeles Windows OS X
41%
2006 Medal of Honor: Heroes Team Fusion PlayStation Portable
41%
2000 Medal of Honor: Underground DreamWorks Interactive, Rebellion Developments PlayStation Game Boy Advance
36%
2007 Medal of Honor: Heroes 2 EA Los Angeles, EA Canada PlayStation Portable Wii
32%
2007 Medal of Honor: Vanguard EA Los Angeles, Budcat Creations PlayStation 2 Wii
32%
2020 Medal of Honor: Above and Beyond Respawn Entertainment Windows Oculus Rift
27%
2003 Medal of Honor: Infiltrator Netherock Ltd. Game Boy Advance
14%
No matching quizzes found
Score Distribution
Percent of People with Each Score
Percentile by Number Answered
Your Score History
You have not taken this quiz